La Croatie pour les touristes... - Facile - Statistiques

Statistiques générales
  • Ce quiz a été pris 27 fois
  • Le résultat moyen est 14 sur 20
Statistiques - réponses
Question Reponses % Correct
Quelle est la langue officielle ? C Croate
100%
La conduite se fait à droite ou à gauche ? Droite
92%
Dans la capitale y-a-t-il un décalage horaire avec Paris ? (oui/non) Non
92%
Quelles autres langues parle-t-on ? S Serbe
92%
Quelle est la monnaie ? Euro
88%
Quelles autres langues parle-t-on ? I Italien
88%
Quelles sont les principales villes touristiques ? S Split PLIST
88%
La vitesse sur autoroute est limité à {130} km/h
77%
Quelles sont les principales villes touristiques ? D Dubrovnik BOUDINKVR
77%
Quelles sont les principales villes touristiques ? Z Zadar RADAZ
77%
Le taux d'alcoolémie toléré au volant est de {0.5} g/l
73%
Quelles autres langues parle-t-on ? A Allemand
69%
Quelles sont les principales villes touristiques ? P Pula PALU
69%
La religion majoritaire est catholicisme
62%
K Krka KRAK
58%
Le suffixe internet est hr
50%
On peut y visiter les parcs nationaux de P Plitvice CIVILEPT
50%
Achats à faire 2/ Accessoire masculin Cravate Cou
42%
Quelles sont les principales villes touristiques ? P Porec PERCO
38%
Achats à faire 1/ Ouvrage de fil Dentelle Hvar
31%
Aucun quiz correspondant
Distribution des résultats
% des personnes avec chaque résultat
Percentile par nombre de réponses
Votre historique - résultats
Vous n’avez pas pris ce quiz